[Event "Ada Open"]
[Site "Belgrade SCG"]
[Date "2005.08.19"]
[Round "5"]
[White "Nestorovic,De"]
[Black "Rajkovic,Du"]
[Result "1-0"]
[WhiteElo "2407"]
[BlackElo "2461"]

1.d4 Nf6 2.c4 e6 3.Nf3 b6 4.a3 Ba6 5.Qc2 Bb7 6.Nc3 c5 7.e4 cxd4 8.Nxd4 d6
9.Bg5 Nbd7 10.f4 a6 11.O-O-O Qc7 12.Be2 Be7 13.Rhe1 O-O 14.Bf3 Rfc8 15.e5 dxe5
16.fxe5 Nd5 17.cxd5 Bxg5+ 18.Kb1 Nf8 19.dxe6 fxe6 20.Bxb7 Qxb7 21.Qb3 Rd8
22.Ka2 Qf7 23.Rf1 Qg6 24.Rxf8+ Rxf8 25.Nxe6 Rf7 26.Nxg5 Qxg5 27.Ne4 Qxe5
28.Nd6 Qe7 29.Nxf7 Qxf7 30.Qxf7+ Kxf7 31.Rd7+ Kf6 32.Rd6+ Kf5 33.Rxb6 h5
34.a4 h4 35.a5 g5 36.Ka3 Ke4 37.b4 Ke3 38.Rg6 Kf4 39.Ka4 g4 40.Rf6+ Kg5 41.Rxa6 Rxa6
42.b5 Re6 43.b6 Re4+ 44.Kb3 Re5 45.Kb4 Re2 46.a6 Rb2+ 47.Kc5 Rc2+ 48.Kd4 Rxg2
49.b7 Rb2 50.a7 Rb4+ 51.Kc5 Rxb7 52.a8=Q Rd7 53.Qb8 Rd1 54.Qe5+ Kg6 55.Qf4 Rg1
56.Kd4 h3 57.Ke3 Rg2 58.Qe4+ Kg5 59.Qd5+ Kf6 60.Qc6+  1-0

[Event "2nd Open Fincas Mediterranea"]
[Site "Castelldefels ESP"]
[Date "2005.08.19"]
[Round "3"]
[White "Halay,T"]
[Black "Bonay Toscas,S"]
[Result "1-0"]
[WhiteElo "2320"]
[BlackElo "2065"]

1.d4 Nf6 2.c4 b6 3.Nf3 e6 4.a3 Bb7 5.Nc3 Be7 6.d5 exd5 7.cxd5 O-O 8.g3 Re8
9.Bg2 Bf8 10.O-O g6 11.Bg5 h6 12.Bf4 d6 13.Qd2 Kh7 14.Rfe1 Nh5 15.Be3 Bg7
16.Bd4 Nd7 17.Rac1 a6 18.Rc2 Nc5 19.Bxg7 Nxg7 20.b4 Nd7 21.Rec1 Ne5 22.Ne4 Nxf3+
23.Bxf3 Rc8 24.Rxc7 Rxc7 25.Rxc7 Qxc7 26.Nf6+  1-0

[Event "Masters"]
[Site "Abu Dhabi UAE"]
[Date "2005.08.22"]
[Round "8"]
[White "Gupta,Ab"]
[Black "Bocharov,D"]
[Result "0-1"]
[WhiteElo "2380"]
[BlackElo "2574"]

1.d4 Nf6 2.c4 e6 3.Nf3 b6 4.a3 Ba6 5.Qc2 Bb7 6.Nc3 c5 7.dxc5 bxc5 8.Bg5 Be7
9.e3 O-O 10.Be2 d6 11.O-O Nbd7 12.Rad1 Qb6 13.Rd2 Rfd8 14.Rfd1 Nf8 15.Bd3 h6
16.Bh4 Rab8 17.h3 Bc6 18.Bg3 Qb7 19.Be2 Ne4 20.Nxe4 Bxe4 21.Qc1 e5 22.Bh4 g5
23.Bg3 Ne6 24.Ne1 a5 25.f3 Bc6 26.Bd3 Ng7 27.Qc3 a4 28.Bb1 f5 29.Qd3 Rf8
30.Qe2 Rbd8 31.Nd3 Qc8 32.Nc1 f4 33.Bf2 h5 34.exf4 Rxf4 35.Be3 Rf7 36.Be4 Nf5
37.Bxf5 Qxf5 38.Na2 Rg7 39.Nc3 g4 40.fxg4 Rxg4 41.Nd5 Bxd5 42.cxd5 Rh4 43.Qf3 Qh7
44.g3 Qg6 45.Rg2 Rg4 46.Rf1 Rf8 47.Qe2 Rxg3 48.Rxf8+ Bxf8 49.Rxg3 Qxg3+ 50.Qg2 Qxg2+
51.Kxg2 Kh7 52.Kf3 Bh6 53.Bxc5 dxc5 54.Ke4 Bg7 55.d6 Kg6 56.d7 Bf6 57.d8=Q Bxd8
58.Kxe5 Bf6+ 59.Kd5 Bd4 60.Kc4 Kf5 61.Kb5 Ke4  0-1

[Event "Rudenko mem"]
[Site "St Petersburg RUS"]
[Date "2005.08.22"]
[Round "3"]
[White "Dolgova,O"]
[Black "Derbentseva,I"]
[Result "1-0"]
[WhiteElo "2185"]
[BlackElo "2093"]

1.d4 Nf6 2.Nf3 e6 3.c4 b6 4.a3 Ba6 5.Nbd2 d5 6.e3 Be7 7.Qc2 O-O 8.Bd3 dxc4
9.Nxc4 Nbd7 10.O-O c5 11.Qe2 Rc8 12.Bd2 Qc7 13.Rac1 Qb8 14.e4 cxd4 15.e5 Nd5
16.Qe4 g6 17.b4 Rfd8 18.Qxd4 Nf8 19.Qe4 Bb7 20.Qe2 Rd7 21.Ng5 Rcd8 22.Ne4 f5
23.Ned6 Ba8 24.b5 Nc7 25.Bb1 Bd5 26.Bb4 a5 27.bxa6 Nxa6 28.Bc3 Nc5 29.Nb5 Qb7
30.Ncd6 Qa6 31.Qb2 Na4 32.Qb4 Qa8 33.f3 Nxc3 34.Rxc3 Bg5 35.Rd1 Qb8 36.Bc2 Re7
37.h4 Bh6 38.Nxf5 gxf5 39.Qxe7 Rd7 40.Qb4 Qxe5 41.Rcd3 Rg7 42.Qd4 Qg3 43.Qf2 Qe5
44.Bb3 Bxb3 45.Rxb3 Bf4 46.a4 Bg3 47.Qc2 Bxh4 48.Rbd3 Qg3 49.Qe2 Bg5 50.Qf2 Qf4
51.Nd4 Be7 52.Nb3 Qxa4 53.Qd4 Qa2 54.Qf2 Qa6 55.Qc2 Qa4 56.Nd4 Bc5 57.Qxa4  1-0

[Event "13th Open"]
[Site "Nikaia GRE"]
[Date "2005.08.24"]
[Round "2"]
[White "Zahariou,N"]
[Black "Aroshidze,L"]
[Result "0-1"]
[WhiteElo "1979"]
[BlackElo "2463"]

1.d4 Nf6 2.Nf3 e6 3.a3 b6 4.c4 Bb7 5.e3 d5 6.Nbd2 Bd6 7.b3 O-O 8.Bb2 Nbd7
9.Bd3 Ne4 10.O-O a5 11.Qe2 f5 12.Ne5 Bxe5 13.dxe5 Nxd2 14.Qxd2 Nc5 15.Bc2 dxc4
16.Qxd8 Raxd8 17.bxc4 Rd2 18.Rac1 Be4 19.Bxe4 Rxb2 20.Bc2 Rd8 21.Rfd1 Rxd1+
22.Bxd1 Nd3 23.Rc3 Nxe5 24.Kf1 Kf7 25.h3 Nd7 26.g4 Nc5 27.Rc2 Rb1 28.Ke1 Nd3+
29.Ke2 Nb2 30.Rd2 Nxd1 31.Rxd1 Rxd1 32.Kxd1 fxg4 33.hxg4 Kf6 34.Ke2 Kg5 35.f3 a4
36.Kd3 g6 37.Ke2 h5 38.gxh5 gxh5 39.Kf2 c6  0-1

[Event "Nordic Championships"]
[Site "Vammala FIN"]
[Date "2005.08.24"]
[Round "1"]
[White "Thorfinnsson,Br"]
[Black "Olsen,H"]
[Result "1/2-1/2"]
[WhiteElo "2448"]
[BlackElo "2325"]

1.d4 Nf6 2.c4 e6 3.Nf3 b6 4.a3 Bb7 5.Nc3 g6 6.Bg5 h6 7.Bh4 d6 8.Qc2 g5 9.Bg3 Nh5
10.e3 Bg7 11.d5 Nxg3 12.hxg3 Qe7 13.O-O-O Nd7 14.Nd4 Bxd4 15.exd4 O-O-O 16.Be2 Kb8
17.Rhe1 h5 18.g4 h4 19.Bf3 Qf6 20.Qd2 Rdg8 21.Be4 Qf4 22.f3 Qxd2+ 23.Rxd2 e5
24.Bf5 exd4 25.Bxd7 dxc3 26.bxc3 h3 27.gxh3 Rxh3 28.Rf2 Ba6 29.Re4 Bc8 30.Bxc8 Kxc8
31.Kc2 Kd8 32.f4 gxf4 33.Rexf4 Rg3 34.Rxf7  1/2-1/2

[Event "Rudenko mem"]
[Site "St Petersburg RUS"]
[Date "2005.08.26"]
[Round "7"]
[White "Dolgova,O"]
[Black "Bronnikova,E"]
[Result "1-0"]
[WhiteElo "2185"]
[BlackElo "2268"]

1.d4 Nf6 2.c4 e6 3.Nf3 b6 4.a3 Bb7 5.Nc3 Be7 6.Bg5 d6 7.Qc2 c5 8.e4 cxd4
9.Nxd4 Nbd7 10.Rd1 a6 11.Be2 O-O 12.O-O Qc7 13.f3 Rac8 14.Qd2 Rfd8 15.Rc1 Qb8
16.Rfd1 Ne5 17.Na4 Ba8 18.Be3 Rd7 19.Qe1 Bd8 20.Qf1 Bc7 21.Nc3 Ng6 22.Kh1 Bb7
23.Qg1 Re8 24.Nc2 Ba8 25.Nb4 Qb7 26.Na4 Rb8 27.Bd4 Rdd8 28.Nc3 Nd7 29.Nd3 Nc5
30.Be3 Nb3 31.Rb1 Ne7 32.Nc1 Nxc1 33.Rbxc1 Rbc8 34.Qf1 Qb8 35.Bg1 Bb7 36.b4 Ng6
37.Qf2 Nf4 38.Bf1 d5 39.exd5 exd5 40.Nxd5 Nxd5 41.cxd5 Rxd5 42.Rxd5 Bxd5
43.Bxa6 Rd8 44.Qc2 Bf4 45.Rd1 Qe5 46.Bxb6 Ra8 47.Bg1 Qh5 48.Bf1 Qe5 49.Qd3 Bc6
50.Qc4 Qf6 51.b5 Be8 52.a4 h5 53.Qd4 Be5 54.Qe4 Rb8 55.Bd3 g6 56.Bf1 h4 57.Rd5 Bc7
58.Bd4 Qe6 59.Qxh4  1-0

[Event "XVI ch-NATO"]
[Site "Kolobrzeg POL"]
[Date "2005.08.27"]
[Round "7"]
[White "De Waard,M"]
[Black "Pioch,Z"]
[Result "1/2-1/2"]
[WhiteElo "2197"]
[BlackElo "2245"]

1.d4 Nf6 2.c4 e6 3.Nf3 b6 4.a3 Ba6 5.Qc2 c5 6.e4 cxd4 7.Nxd4 d6 8.Be2 Bb7
9.Nc3 a6 10.Be3 Qc7 11.f4 Nbd7 12.O-O Rc8 13.Qb1 h5  1/2-1/2

[Event "BDO Challengers"]
[Site "Haarlem NED"]
[Date "2005.09.01"]
[Round "6"]
[White "Merbis,M"]
[Black "Van Ketel,R"]
[Result "0-1"]
[WhiteElo "2136"]
[BlackElo "2271"]

1.d4 e6 2.c4 Nf6 3.Nf3 b6 4.a3 Bb7 5.Nc3 d5 6.Bg5 Be7 7.e3 O-O 8.Qc2 Ne4
9.Bxe7 Qxe7 10.Bd3 f5 11.O-O Nd7 12.b4 Rf6 13.cxd5 exd5 14.Ne2 c6 15.Rfe1 Rh6
16.Bxe4 fxe4 17.Nd2 Rf8 18.Nf1 Ba6 19.Neg3 Qh4 20.Ra2 Rf7 21.Qd1 Nf8 22.f4 Nd7
23.Qc1 Bd3 24.a4 g5 25.fxg5 Qxg5 26.Rf2 Rxf2 27.Kxf2 Nf6 28.Kg1 Nd7 29.Ne2 Qh4
30.Neg3 Rg6 31.Qd2 Qg5 32.Rc1 h5 33.h4 Qxh4 34.Nf5 Qg5 35.Qf2 Bc4 36.Nd2 Bd3
37.Nh4 Rf6 38.Qe1 Nf8  0-1

[Event "Paul Keres Mem B"]
[Site "Tallinn EST"]
[Date "2005.09.01"]
[Round "4"]
[White "Akesson,J"]
[Black "Soskov,V"]
[Result "1-0"]
[WhiteElo "2345"]
[BlackElo "2257"]

1.d4 Nf6 2.Nf3 e6 3.c4 b6 4.a3 Ba6 5.Qc2 c5 6.d5 exd5 7.cxd5 d6 8.Nc3 g6
9.Bf4 b5 10.e4 Qb6 11.Nd2 Nh5 12.Be3 Nd7 13.Be2 Nhf6 14.O-O Bg7 15.b4 O-O
16.a4 Qd8 17.axb5 cxb4 18.Na2 Bb7 19.Nxb4 Nc5 20.Nc6 Qe8 21.Bf3 Nfd7 22.Ra2 a6
23.Nc4 Nxe4 24.Bxe4 axb5 25.Nxd6 Rxa2 26.Qxa2 Qa8 27.Qxa8  1-0

[Event "Nordic Championships"]
[Site "Vammala FIN"]
[Date "2005.09.01"]
[Round "8"]
[White "Tjomsland,S"]
[Black "Nyback,T"]
[Result "0-1"]
[WhiteElo "2257"]
[BlackElo "2571"]

1.d4 Nf6 2.c4 e6 3.Nf3 b6 4.a3 Bb7 5.Nc3 d5 6.Bg5 Be7 7.e3 O-O 8.Rc1 Nbd7
9.cxd5 exd5 10.Bd3 c5 11.O-O a6 12.Bf5 c4 13.Ne5 b5 14.Qc2 g6 15.Bh3 Nxe5
16.dxe5 Ne4 17.Bh6 Re8 18.Nxe4 dxe4 19.Rcd1 Qb6 20.Qc3 Red8 21.Rd6 Qc5 22.g3 a5
23.b4 axb4 24.axb4 Qa7 25.Rfd1 Bc6 26.Bd7 Qa4 27.Qd4 Bxd6 28.exd6 Qxd1+ 29.Qxd1 Rxd7
30.Qd4 f6 31.Qb6 Rxd6 32.Qc7 Rd1+ 33.Kg2 Bd7 34.Qc5 Kf7 35.h3 Rc8 36.Qa7 c3
37.Qa2+ Be6 38.Qa7+ Rd7 39.Qa6 Re7 40.f4 c2  0-1

[Event "VII Sants Open"]
[Site "Barcelona ESP"]
[Date "2005.09.02"]
[Round "8"]
[White "Purnama,T"]
[Black "Zagrebelny,S"]
[Result "1-0"]
[WhiteElo "2337"]
[BlackElo "2510"]

1.d4 Nf6 2.c4 e6 3.Nf3 b6 4.a3 d5 5.cxd5 exd5 6.Nc3 Be7 7.Bg5 O-O 8.Qc2 Bb7
9.e3 Nbd7 10.Rd1 Re8 11.Bb5 a6 12.Ba4 c6 13.Bb3 Rc8 14.O-O  1-0

[Event "58th ch-RUS Semi-Final"]
[Site "Kazan RUS"]
[Date "2005.09.04"]
[Round "2"]
[White "Tregubov,P"]
[Black "Yemelin,V"]
[Result "1/2-1/2"]
[WhiteElo "2607"]
[BlackElo "2530"]

1.d4 Nf6 2.c4 e6 3.Nf3 b6 4.a3 c5 5.d5 Ba6 6.Qc2 exd5 7.cxd5 g6 8.Bf4 d6
9.Nc3 Bg7 10.Qa4+ b5 11.Nxb5 O-O 12.Rd1 Bxb5 13.Qxb5 Nbd7 14.Bxd6 Re8 15.g3 Ne4
16.Bf4 a6 17.Qb7 Qa5+ 18.Nd2 Ne5 19.Bg2 Nd3+ 20.Kf1 Nexf2 21.Nc4 Qb5 22.Qxb5 axb5
23.Rxd3 Nxd3 24.exd3 bxc4 25.dxc4 Ra7 26.d6 Bxb2 27.Bc6 Rd8 28.Kg2 g5 29.Bxg5 Rxd6
30.Bd5 Bxa3 31.Re1 Kg7 32.Re8 Bb4 33.Bf4 Ra2+ 34.Kh3 Rf6 35.Be5 Rf2 36.g4 Bd2  1/2-1/2

[Event "TCh-POL Ekstraliga"]
[Site "Lubniewice POL"]
[Date "2005.09.05"]
[Round "3"]
[White "Dziuba,M"]
[Black "Szymanski,M"]
[Result "1/2-1/2"]
[WhiteElo "2460"]
[BlackElo "2435"]

1.d4 Nf6 2.c4 e6 3.Nf3 b6 4.a3 Ba6 5.e3 Be7 6.Bd3 O-O 7.O-O d5 8.cxd5 Bxd3
9.Qxd3 Qxd5 10.Nc3 Qb7 11.e4 h6 12.Bf4 Rd8 13.Rad1 Nbd7 14.h3 Nc5 15.Qc2 Ncxe4
16.Nxe4 Qxe4 17.Qxe4 Nxe4 18.Bxc7 Rdc8 19.Rc1 Bd6  1/2-1/2

[Event "TCh-POL Ekstraliga"]
[Site "Lubniewice POL"]
[Date "2005.09.10"]
[Round "8"]
[White "Dziuba,M"]
[Black "Czerwonski,A"]
[Result "1-0"]
[WhiteElo "2460"]
[BlackElo "2387"]

1.d4 Nf6 2.c4 e6 3.Nf3 b6 4.a3 Bb7 5.Nc3 d5 6.cxd5 Nxd5 7.Bd2 Be7 8.Qc2 O-O
9.e4 Nxc3 10.Bxc3 Nd7 11.Rd1 Qc8 12.Bd3 c5 13.d5 c4 14.Be2 exd5 15.exd5 Bf6
16.O-O Re8 17.Rfe1 Bxc3 18.Qxc3 b5 19.Nd4 Qc5 20.Nf5 Nf6 21.Bf3 Kf8 22.b4 Qc7
23.d6 Qd7 24.Bxb7 Qxb7 25.Rxe8+ Rxe8 26.d7 Rd8 27.Qg3 Nh5 28.Qd6+ Kg8 29.Ne7+ Kh8
30.Nc6 Nf4 31.Qe7  1-0

[Event "EYg18"]
[Site "Herceg Novi SCG"]
[Date "2005.09.15"]
[Round "2"]
[White "Lupik,M"]
[Black "Purtseladze,M"]
[Result "0-1"]
[WhiteElo "2200"]
[BlackElo "2313"]

1.d4 Nf6 2.c4 e6 3.Nf3 b6 4.a3 Ba6 5.Qc2 Bb7 6.Nc3 c5 7.e4 cxd4 8.Nxd4 Nc6
9.Be3 Ng4 10.Be2 Nxe3 11.fxe3 Qg5 12.Ndb5 Rc8 13.Qd2 a6 14.O-O-O Ne5 15.Nd4 Qd8
16.Nf3 Nxc4 17.Bxc4 Rxc4 18.Ne5 Rc7 19.Kb1 Be7 20.Rhf1 f6 21.Nd3 O-O 22.Nf4 Qa8
23.Qd3 Rfc8 24.Ka2 b5 25.Nh5 b4 26.axb4 Bxb4 27.Rf4 Bxc3 28.bxc3 d5 29.Qe2 dxe4
30.Qg4 Bd5+ 31.Ka1 f5 32.Qg5 Rf8 33.Rf2 Qc6 34.Rc2 Qa4+ 35.Kb1 Bb3 36.Rd8 Bxc2+
37.Kc1 Qa1+ 38.Kd2 Qd1+  0-1

[Event "4NCL 2006-07"]
[Site "Sunningdale ENG"]
[Date "2005.09.16"]
[Round "1"]
[White "Buckley,D"]
[Black "Crouch,C"]
[Result "0-1"]
[WhiteElo "2241"]
[BlackElo "2366"]

1.d4 Nf6 2.c4 e6 3.Nf3 b6 4.a3 Bb7 5.Nc3 Ne4 6.Nxe4 Bxe4 7.e3 c5 8.Bd3 Bxd3
9.Qxd3 Be7 10.O-O O-O 11.e4 cxd4 12.Nxd4 Nc6 13.Be3 Rc8 14.Rac1 Qc7 15.Rfd1 Nxd4
16.Qxd4 Bf6 17.Qd2 Qe5 18.Bd4 Qxe4 19.Bxf6 gxf6 20.Rc3 Kh8 21.Qxd7 f5 22.Qe7 Qe5
23.h3 f4 24.Rd7 Rce8 25.Qh4 Qf5 26.b4 Rg8 27.Kh2 e5 28.Rcd3 Re6 29.Rd8 Rg6
30.Rxg8+ Kxg8 31.Qd8+ Kg7 32.Rd6 f3 33.Rxg6+ hxg6 34.Qd5 Qf4+ 35.g3 Qd4 36.Qxf3 Qxc4
37.Kg2 a5 38.bxa5 bxa5 39.Qe3 Qd5+ 40.Kh2 Kf6 41.Qb6+ Ke7 42.h4 Qd2 43.Qb7+ Ke6
44.Qc6+ Ke7 45.Kg2 Qe1 46.g4 e4 47.Qc4 Kf8 48.Qc5+ Kg8 49.Qe3 Qa1 50.h5 Qe5
51.h6 g5 52.f3 exf3+ 53.Qxf3 Qe6 54.Qh3 Kh7  0-1

[Event "EYb18"]
[Site "Herceg Novi SCG"]
[Date "2005.09.18"]
[Round "5"]
[White "Vitiugov,N"]
[Black "Zorko,Ju"]
[Result "1-0"]
[WhiteElo "2519"]
[BlackElo "2335"]

1.d4 Nf6 2.c4 e6 3.Nf3 b6 4.a3 Bb7 5.Nc3 d5 6.cxd5 Nxd5 7.Bd2 Nd7 8.Nxd5 exd5
9.g3 Bd6 10.Bg5 Be7 11.Bxe7 Qxe7 12.Bh3 O-O 13.Rc1 Nf6 14.b4 a5 15.O-O axb4
16.axb4 Qxb4 17.Rxc7 Bc8 18.Bg2 Qd6 19.Qc1 Ba6 20.Rc6 Qb4 21.Re1 Rac8 22.Rxc8 Rxc8
23.Qa1 Qa5 24.Qb2 Qb5 25.Qa1 Qa5 26.e3 Qxa1 27.Rxa1 Bc4 28.Ne5 b5 29.Bh3 Re8
30.Ra7 b4 31.Rb7 b3 32.Nxc4 dxc4 33.Bf1 Ne4 34.Bxc4 Nd6 35.Rb4 Nxc4 36.Rxc4 Rb8
37.Rc1 f5 38.Kf1 Kf7 39.Ke2 b2 40.Rb1 Ke6 41.Kd3 Kd5 42.Kc2 Rc8+ 43.Kxb2 Ke4
44.Rd1 Kf3 45.Rd2 g5 46.d5 h5 47.d6 h4 48.d7 Rd8 49.Kc3 h3 50.Kc4 f4 51.exf4 gxf4
52.Kc5 Kg2 53.f3+ Kxf3 54.gxf4 Kxf4 55.Kc6 Ke3 56.Rd6  1-0

[Event "EYb18"]
[Site "Herceg Novi SCG"]
[Date "2005.09.18"]
[Round "5"]
[White "Pavlidis,Ana"]
[Black "Jarvinen,R"]
[Result "1-0"]
[WhiteElo "2127"]
[BlackElo "1981"]

1.d4 Nf6 2.c4 e6 3.Nf3 b6 4.a3 c5 5.d5 Ba6 6.Qc2 exd5 7.cxd5 g6 8.Nc3 d6
9.Bf4 Bg7 10.Qa4+ Qd7 11.Qxd7+ Kxd7 12.O-O-O Nh5 13.Bd2 Re8 14.g4 Bxc3 15.gxh5 Bxd2+
16.Rxd2 Ke7 17.e4 Bxf1 18.Rxf1 Kf6 19.Re2 Nd7 20.Nd2 b5 21.f4 Re7 22.h6 Rae8
23.h4 Nb6 24.e5+ Kf5 25.Ne4 Rd8 26.Nf6 Nd7 27.Nxh7 Rh8 28.Rg2 f6 29.Nxf6 Nxf6
30.Rg5+ Ke4 31.exf6 Reh7 32.Re1+ Kxf4 33.Rxg6 Kf5 34.Reg1 Ke5 35.Rf1 Rf7
36.Rg7 Rff8 37.f7 Kxd5 38.h7 Ke6 39.Rg8 Ke7 40.Rxh8 Rxh8 41.f8=Q+  1-0

[Event "EYg16"]
[Site "Herceg Novi SCG"]
[Date "2005.09.22"]
[Round "8"]
[White "Bokuchava,M"]
[Black "Nawrot,A"]
[Result "1-0"]
[WhiteElo "2078"]
[BlackElo "1980"]

1.d4 e6 2.c4 Nf6 3.Nf3 b6 4.a3 Bb7 5.Nc3 Ne4 6.Nxe4 Bxe4 7.Nd2 Bb7 8.e4 d5
9.cxd5 exd5 10.Bb5+ c6 11.Bd3 dxe4 12.Nxe4 Qxd4 13.Qe2 Be7 14.Bg5 f6 15.Be3 Qd8
16.Rd1 Nd7 17.Bc4 Qb8 18.Qg4 Ne5 19.Qxg7 Rf8 20.Be2 Rf7 21.Bh5 Ng6 22.Qg8+  1-0

[Event "EYg18"]
[Site "Herceg Novi SCG"]
[Date "2005.09.22"]
[Round "8"]
[White "Khudaya,A"]
[Black "Markantonaki,H"]
[Result "0-1"]
[WhiteElo "2117"]
[BlackElo "2115"]

1.d4 Nf6 2.c4 e6 3.Nf3 b6 4.a3 Ba6 5.Qc2 Bb7 6.Nc3 c5 7.e4 cxd4 8.Nxd4 Nc6
9.Nxc6 Bxc6 10.Be2 Qc7 11.Be3 Bc5 12.Bxc5 bxc5 13.O-O O-O 14.Bd3 Ng4 15.g3 Rab8
16.Be2 f5 17.exf5 exf5 18.Nd5 Qd6 19.Rad1 Ba8 20.Bxg4 fxg4 21.Qe2 Kh8 22.Rd2 Qg6
23.f4 gxf3 24.Rxf3 Rfe8 25.Qf1 h6 26.Rf7 Qe4 27.Rxd7 Rf8 28.Qe2 Qb1+ 29.Rd1 Rxb2
30.Qg4 Qh7 31.Nf4 Be4 32.Rd8 Rb8 33.Rxb8 Rxb8 34.Ne6 Bf5 35.Qf4 Re8 36.Nxc5 Bh3
37.Qf2 Qg8 38.Rc1 Rf8 39.Qe2 Qf7 40.Nd3 Re8 41.Qf2 Qd7 42.Nf4 Bg4 43.c5 Qc6
44.h3 Bf5 45.g4 Be4 46.Ne2 Qa4 47.Qg3 Bc6 48.Nf4 Qd4+ 49.Qf2 Qe4 50.Ng2 Qd3
51.h4 Bxg2 52.g5 Bc6 53.gxh6 Qg6+ 54.Kh2 Qxh6 55.Rd1 Qh5 56.Rd6 Re2  0-1

[Event "EYg16"]
[Site "Herceg Novi SCG"]
[Date "2005.09.23"]
[Round "9"]
[White "Lazo,X"]
[Black "Ignacz,M"]
[Result "0-1"]
[WhiteElo "2036"]
[BlackElo "2265"]

1.d4 Nf6 2.c4 e6 3.Nf3 b6 4.a3 Bb7 5.Nc3 Be7 6.Qc2 c5 7.e3 a6 8.Be2 O-O 9.O-O cxd4
10.exd4 d6 11.Rd1 Nbd7 12.b4 Rc8 13.Qd3 Qc7 14.Bb2 Qb8 15.Rac1 Rfe8 16.Nd2 d5
17.cxd5 exd5 18.Bf3 Bd6 19.g3 Nf8 20.Qf5 Rcd8 21.Re1 Ng6 22.Nf1 Ne7 23.Qd3 h5
24.Na4 Bc8 25.Ne3 h4 26.Qd1 Ng6 27.Nf1 Bh3 28.Bg2 Bg4 29.Qd3 Bf4 30.Ra1 Bc7
31.Nc3 Qc8 32.Rxe8+ Rxe8 33.Nxd5 Nxd5 34.Bxd5 Bf5 35.Qc4 Re7 36.Bc1 Be6 37.Bxe6 Rxe6
38.Be3 b5 39.Qc2 Qb7 40.Rc1 h3 41.f4 Ne7 42.Qf2 Nf5 43.Rc3 Bb6 44.d5 Rxe3
45.Rxe3 Qxd5 46.Qc2 g6 47.Qc8+ Kh7 48.Kf2 Bxe3+ 49.Nxe3 Qd2+ 50.Kf3 Qxe3+
51.Kg4 Qe2+ 52.Kg5 f6+  0-1

[Event "TCh-NED 2005-6"]
[Site "Netherlands NED"]
[Date "2005.09.24"]
[Round "1"]
[White "Ligterink,G"]
[Black "Peng Zhaoqin"]
[Result "1/2-1/2"]
[WhiteElo "2418"]
[BlackElo "2405"]

1.d4 Nf6 2.c4 e6 3.Nf3 b6 4.a3 Bb7 5.Nc3 d5 6.Bg5 Be7 7.Bxf6 Bxf6 8.cxd5 exd5
9.g3 O-O 10.Bg2 Qe7 11.O-O c5 12.Rc1 Rd8 13.e3 Na6 14.Re1 Nc7 15.dxc5 bxc5
16.Qa4 Ne6 17.Rcd1 Qc7 18.Rd2 Bc6 19.Qc2 Qb7 20.e4 Bxc3 21.bxc3 dxe4 22.Rxd8+ Rxd8
23.Ne5 g6 24.Nxc6 Qxc6 25.Bxe4  1/2-1/2

[Event "Autumn 4"]
[Site "Alushta UKR"]
[Date "2005.09.30"]
[Round "8"]
[White "Belikov,V"]
[Black "Alexeev,Alexe"]
[Result "1-0"]
[WhiteElo "2519"]
[BlackElo "2356"]

1.d4 Nf6 2.c4 e6 3.Nf3 b6 4.a3 Bb7 5.Nc3 d5 6.cxd5 Nxd5 7.Bd2 Bd6 8.Qc2 Nd7
9.e4 Nxc3 10.Bxc3 O-O 11.Rd1 h6 12.Bc4 c6 13.e5 Be7 14.Qe4 Re8 15.h4 Qc7
16.Bd3 Nf8 17.Qg4 a5 18.Bd2 f5 19.exf6 Bxf6 20.Bf4 Qe7 21.Qg3 Kh8 22.Bd6 Qf7
23.O-O Ba6 24.Ne5 Bxe5 25.dxe5 Bxd3 26.Rxd3 Nh7 27.Rc1 Rec8 28.Rb3 Ra6 29.Qd3 Qb7
30.Qc4 a4 31.Rf3 Ra5 32.Qxe6 Rd5 33.Rf7  1-0

[Event "NK Rapid"]
[Site "Vlaardingen NED"]
[Date "2005.10.01"]
[Round "7"]
[White "Van Wessel,R"]
[Black "Cekro,E"]
[Result "0-1"]
[WhiteElo "2327"]
[BlackElo "2410"]

1.d4 Nf6 2.Nf3 b6 3.c4 e6 4.a3 Bb7 5.Nc3 Be7 6.Qc2 c5 7.dxc5 bxc5 8.Bf4 d6
9.Rd1 Qb6 10.e3 O-O 11.Be2 Rd8 12.O-O Nbd7 13.Rd2 Nf8 14.h3 Rac8 15.Rfd1 a6
16.e4 e5 17.Be3 Ne6 18.Nd5 Bxd5 19.cxd5 Nd4 20.Qd3 a5 21.Bxd4 cxd4 22.Rc2 Nd7
23.Nd2 Nc5 24.Qb5 Qa7 25.b4 axb4 26.axb4 Rb8 27.Qc4 d3 28.Bxd3 Rxb4 29.Qxb4 Nxd3
30.Qc3 Qxf2+ 31.Kh1 Ne1 32.Rxe1 Qxe1+ 33.Kh2 Bg5 34.Nc4 Qxe4 35.g3 h5 36.h4 Bh6
37.Nb6 Be3 38.Re2 Bc5  0-1

[Event "Veselin Boskovic Mem"]
[Site "Bijelo Polje SCG"]
[Date "2005.10.02"]
[Round "1"]
[White "Kizov,A"]
[Black "Parligras,M"]
[Result "1-0"]
[WhiteElo "2423"]
[BlackElo "2577"]

1.d4 Nf6 2.c4 e6 3.Nf3 b6 4.a3 c5 5.d5 Ba6 6.Qb3 exd5 7.cxd5 g6 8.Bg5 d6
9.Nc3 Bg7 10.Qa4+ b5 11.Nxb5 O-O 12.Nc3 Qb6 13.Rb1 Nbd7 14.e4 Bxf1 15.Kxf1 Nh5
16.Bd2 Ne5 17.Nxe5 Bxe5 18.Ne2 Rab8 19.b4 cxb4 20.Rxb4 Qc7 21.g4 Rxb4 22.Qxb4 Nf6
23.f4 Rb8 24.Qa4 Bb2 25.g5 Nh5 26.Kg2 Qc8 27.h3 Rb6 28.Rb1 Ra6 29.Qb4 Rxa3
30.f5 Qa6 31.Qb8+ Kg7 32.Qxb2+ Kg8 33.Qb8+ Kg7 34.f6+  1-0

[Event "Open A"]
[Site "Hamburg GER"]
[Date "2005.10.04"]
[Round "4"]
[White "Mihailovs,J"]
[Black "Weigel,Ha"]
[Result "1-0"]
[WhiteElo "2299"]
[BlackElo "1996"]

1.d4 Nf6 2.c4 e6 3.Nf3 b6 4.a3 a5 5.Nc3 Bb7 6.Bf4 Be7 7.e3 O-O 8.Bd3 d5 9.cxd5 Nxd5
10.Nxd5 Bxd5 11.Qc2 c5 12.Bxh7+ Kh8 13.Be4 Nd7 14.Bxd5 exd5 15.Qf5 Nf6 16.O-O Qc8
17.Qg5 Ra7 18.Be5 Qe6 19.Nh4 Qg4 20.f4 c4 21.Bxf6  1-0

[Event "Open A"]
[Site "Hamburg GER"]
[Date "2005.10.07"]
[Round "7"]
[White "De Andres Gonalons,F"]
[Black "Ghadimi,M"]
[Result "1-0"]
[WhiteElo "2071"]
[BlackElo "2145"]

1.d4 Nf6 2.c4 e6 3.Nf3 b6 4.a3 Ba6 5.e3 d5 6.Nc3 c6 7.Qb3 Be7 8.Bd3 dxc4
9.Bxc4 b5 10.Be2 Bb7 11.O-O O-O 12.Rd1 a6 13.e4 Nbd7 14.Qc2 c5 15.dxc5 Bxc5
16.h3 Rc8 17.Bd3 h6 18.Qe2 Qc7 19.Be3 Rfd8 20.Rac1 Qb8 21.Bb1 Qa8 22.b4 Be7
23.Bd4 Ne8 24.e5 Nc7 25.Ne4 Nd5 26.Nd6 Bxd6 27.exd6 Nf4 28.Qe3 Rxc1 29.Rxc1 Nd5
30.Qd3 Nf8 31.Bc5 Nf4 32.Qe3 Nxh3+ 33.gxh3 Bxf3 34.Rc3 Bh5 35.Be4 Qb8 36.Qf4 Be2
37.Rg3 Ng6 38.Bxg6 fxg6 39.Qe5 Bc4 40.Rxg6 Rd7 41.Rxe6 Qb7 42.Re8+ Kf7 43.Re7+ Rxe7
44.dxe7 Ke8 45.Qxg7  1-0

[Event "Open A"]
[Site "Hamburg GER"]
[Date "2005.10.07"]
[Round "7"]
[White "Sharevich,A"]
[Black "Koepcke,HP"]
[Result "1-0"]
[WhiteElo "2305"]
[BlackElo "2110"]

1.d4 e6 2.Nf3 Nf6 3.c4 b6 4.a3 Bb7 5.Nc3 d5 6.cxd5 Nxd5 7.Qc2 Nd7 8.e4 Nxc3
9.bxc3 Be7 10.Bd3 c5 11.O-O Qc7 12.Qe2 O-O 13.Re1 Rac8 14.Bd2 c4 15.Bc2 e5
16.dxe5 Nxe5 17.Nd4 Ba6 18.Bf4 Qc5 19.Nf5 Bf6 20.Be3 Qc6 21.Bd4 Rfe8 22.f4 Nd3
23.e5 Nxe1 24.Be4 Qe6 25.Rxe1 Be7 26.Ne3 Bc5 27.Bf5 Qc6 28.Bxc8 Qxc8 29.Nc2 Qc6
30.Bxc5 Qxc5+ 31.Qf2 Qxf2+ 32.Kxf2 Rd8 33.Nd4 Bb7 34.f5 Bd5 35.e6 fxe6 36.fxe6 g6
37.Re5 Bb7 38.e7 Re8 39.Nb5 Bc6 40.Nd6 a6 41.Nxe8 Bxe8 42.Re6 b5 43.Rxa6 Kf7
44.Ra7 Ke6 45.Ke3 Kd6 46.Kd4 Bf7 47.Ra8 Kxe7 48.Ra7+  1-0

[Event "Open A"]
[Site "Hamburg GER"]
[Date "2005.10.07"]
[Round "7"]
[White "Mihailovs,J"]
[Black "Cmilyte,V"]
[Result "0-1"]
[WhiteElo "2299"]
[BlackElo "2480"]

1.d4 Nf6 2.c4 e6 3.Nf3 b6 4.a3 Bb7 5.Nc3 d5 6.cxd5 exd5 7.Bg5 Be7 8.e3 Nbd7
9.Qc2 h6 10.Bf4 a6 11.Bd3 c5 12.Bf5 O-O 13.g4 cxd4 14.Nxd4 Nc5 15.f3 Bd6
16.Bxd6 Qxd6 17.O-O-O Rfe8 18.Rde1 Ne6 19.Bxe6 fxe6 20.h4 Nd7 21.h5 e5 22.Nf5 Qf6
23.Kb1 Nc5 24.f4 exf4 25.exf4 d4 26.g5 d3 27.gxf6 dxc2+ 28.Kxc2 Bxh1 29.Rxh1 gxf6
30.Rg1+ Kh8 31.Rg6 Ra7 32.Rxh6+ Rh7 33.Rxf6 Rxh5 34.Rh6+ Rxh6 35.Nxh6 Ne6
36.f5 Kg7 37.fxe6 Kxh6 38.Nd5 Rxe6 39.Nb4 a5 40.Nd5 Kg5 41.b4 axb4 42.Nxb4 Kf5
43.Kb3 Ke4 44.Kc4 Re5 45.Kb3 Rh5 46.Na6 Kd5 47.Nb4+ Kc5 48.Nd3+ Kb5 49.Nb2 Rh3+
50.Ka2 Rf3 51.Nd1 Kc5 52.Nb2 b5  0-1

[Event "Vojvodina Quality League"]
[Site "Pancevo SCG"]
[Date "2005.10.07"]
[Round "7"]
[White "Kitic,D"]
[Black "Kostic,Brani"]
[Result "1/2-1/2"]
[WhiteElo "2263"]
[BlackElo "2260"]

1.d4 Nf6 2.c4 e6 3.Nf3 b6 4.a3 Bb7 5.Nc3 d5 6.cxd5 Nxd5 7.Qc2 Nd7 8.e4 Nxc3
9.bxc3 Be7 10.Bd3 c5 11.O-O  1/2-1/2

[Event "5th ch-Asian"]
[Site "Hyderabad IND"]
[Date "2005.10.09"]
[Round "4"]
[White "Lukey,S"]
[Black "Das,Ar"]
[Result "1/2-1/2"]
[WhiteElo "2286"]
[BlackElo "2411"]

1.d4 Nf6 2.c4 e6 3.Nf3 b6 4.a3 Bb7 5.Nc3 d5 6.Bg5 Be7 7.Qa4+ c6 8.cxd5 exd5
9.Bxf6 Bxf6 10.g3 O-O 11.Bg2 c5 12.Rd1  1/2-1/2

[Event "5th ch-Asian"]
[Site "Hyderabad IND"]
[Date "2005.10.09"]
[Round "4"]
[White "Sharma,D"]
[Black "Venkatesh,M"]
[Result "1/2-1/2"]
[WhiteElo "2359"]
[BlackElo "2431"]

1.d4 Nf6 2.c4 e6 3.Nf3 b6 4.a3 Bb7 5.Nc3 d5 6.cxd5 Nxd5 7.Bd2 Be7 8.Qc2 O-O
9.e4 Nxc3 10.Bxc3 c5 11.dxc5 bxc5 12.Rd1 Qc8 13.Ne5 Rd8 14.Bd3 Nc6 15.Nc4 Nd4
16.Qb1 Rb8 17.O-O h6 18.Rfe1 Bc6 19.f4 Ba4 20.Rd2 Nb3 21.Rf2 Nd4 22.Bf1 Bb5
23.Qa2 Qa6 24.b3 Qb7 25.Rb2 Qc8 26.Qb1 Ba6 27.Ba5 Re8 28.Bc3 Rd8 29.Ba5  1/2-1/2